[Event "Speed Chess (Women) Q4"]
[Site "Chess.com INT"]
[Date "2020.06.21"]
[Round "6"]
[White "Ilyuchyk, Yana"]
[Black "Gaponenko, Inna"]
[Result "1-0"]
[WhiteElo "2119"]
[BlackElo "2396"]
[PlyCount "65"]
[EventDate "2020.06.21"]
[EventType "swiss (blitz)"]
[EventRounds "9"]
[EventCountry "USA"]
[SourceTitle "CBM 196 Extra"]
[Source "ChessBase"]
[SourceDate "2020.07.31"]
[SourceVersion "1"]
[SourceVersionDate "2020.07.31"]
[SourceQuality "1"]

1. e4 g6 2. d4 Bg7 3. Nc3 d6 4. Nf3 Nf6 5. Be3 Ng4 6. Bg5 h6 7. Bh4 c5 8. h3 cxd4 9. Nd5 g5 10. Bg3 Nf6 11. Nxf6+ Bxf6 12. Nxd4 Qb6 13. c3 Qxb2 14. Bb5+ Bd7 15. Bxd7+ Nxd7 16. Rc1 0-0 17. 0-0 Rac8 18. Nf5 Kh7 19. Qh5 Bg7 20. Nxe7 Rxc3 21. Rb1 Qa3 22. Nf5 Ne5 23. Rxb7 Rc1 24. Rxc1 Qxc1+ 25. Kh2 Qc6 26. Bxe5 dxe5 27. Rxf7 Qg6 28. Rxg7+ Qxg7 29. Nxg7 Kxg7 30. Qd1 Rxf2 31. Qd7+ Kg6 32. Qxa7 h5 33. Qxf2 1-0

[Event "Speed Chess (Women) Q4"]
[Site "Chess.com INT"]
[Date "2020.06.21"]
[Round "4"]
[White "Ilyuchyk, Yana"]
[Black "Martynkova, Olena"]
[Result "1-0"]
[WhiteElo "2119"]
[BlackElo "2222"]
[PlyCount "67"]
[EventDate "2020.06.21"]
[EventType "swiss (blitz)"]
[EventRounds "9"]
[EventCountry "USA"]
[SourceTitle "CBM 196 Extra"]
[Source "ChessBase"]
[SourceDate "2020.07.31"]
[SourceVersion "1"]
[SourceVersionDate "2020.07.31"]
[SourceQuality "1"]

1. e4 c5 2. Nf3 e6 3. d4 cxd4 4. Nxd4 Nc6 5. Nc3 Qc7 6. Be2 a6 7. 0-0 Nf6 8. Kh1 Nxd4 9. Qxd4 Bc5 10. Qd3 h5 11. f4 Ng4 12. Qf3 b5 13. Bd2 Bb7 14. Rae1 Qb6 15. Bd3 Nf2+ 16. Rxf2 Bxf2 17. Re2 Bd4 18. f5 0-0-0 19. a4 b4 20. Na2 a5 21. c3 bxc3 22. Nxc3 Bc6 23. Nb5 Bxb5 24. Bxb5 Kb8 25. b4 Rc8 26. bxa5 Qc5 27. g3 h4 28. gxh4 Rxh4 29. Qg3+ Ka7 30. Qxh4 Qc2 31. Qe1 exf5 32. Bf4 Qc5 33. Rd2 fxe4 34. Rxd4 1-0

[Event "Speed Chess (Women) Q4"]
[Site "Chess.com INT"]
[Date "2020.06.21"]
[Round "9"]
[White "Ilyuchyk, Yana"]
[Black "Zawadzka, Jolanta"]
[Result "1/2-1/2"]
[WhiteElo "2119"]
[BlackElo "2419"]
[PlyCount "105"]
[EventDate "2020.06.21"]
[EventType "swiss (blitz)"]
[EventRounds "9"]
[EventCountry "USA"]
[SourceTitle "CBM 196 Extra"]
[Source "ChessBase"]
[SourceDate "2020.07.31"]
[SourceVersion "1"]
[SourceVersionDate "2020.07.31"]
[SourceQuality "1"]

1. e4 c5 2. Nf3 d6 3. d4 c4 4. Bxc4 Nf6 5. Nc3 e6 6. 0-0 a6 7. a4 Bd7 8. e5 Ng8 9. d5 Qc7 10. dxe6 Qxc4 11. exd7+ Nxd7 12. exd6 0-0-0 13. Be3 Ndf6 14. d7+ Rxd7 15. Qe1 Bd6 16. b3 Qc7 17. Ne2 Ne7 18. Ned4 Re8 19. c4 Nc6 20. Nxc6 Qxc6 21. Qc3 Ng4 22. Bd4 Nxh2 23. Nxh2 Bxh2+ 24. Kxh2 Qd6+ 25. g3 Qxd4 26. Qxd4 Rxd4 27. Rad1 Red8 28. Rxd4 Rxd4 29. Re1 Kd7 30. Re3 g6 31. Kg2 h5 32. Kf3 f5 33. Kg2 Kd6 34. Re8 Kc6 35. Rg8 Rd6 36. Rc8+ Kd7 37. Rg8 Re6 38. Kf3 Kd6 39. Kf4 Kc5 40. Rg7 b6 41. Rd7 Kb4 42. Rd3 Re4+ 43. Kg5 Rg4+ 44. Kf6 f4 45. gxf4 Rxf4+ 46. Kxg6 h4 47. Kg5 Rxf2 48. Kxh4 Rb2 49. Rd6 Kc5 50. Rd5+ Kb4 51. Rd6 Kc5 52. Rd5+ Kb4 53. Rd6 1/2-1/2

[Event "Minsk Bronstein Memorial op"]
[Site "Minsk"]
[Date "2020.02.23"]
[Round "6"]
[White "Podolchenko, Evgeniy"]
[Black "Ilyuchyk, Yana"]
[Result "0-1"]
[WhiteElo "2394"]
[BlackElo "2119"]
[PlyCount "86"]
[EventDate "2020.02.22"]
[EventType "swiss (rapid)"]
[EventRounds "10"]
[EventCountry "BLR"]
[SourceTitle "CBM 195 Extra"]
[Source "ChessBase"]
[SourceDate "2020.05.31"]
[SourceVersion "1"]
[SourceVersionDate "2020.05.31"]
[SourceQuality "1"]

1. d4 Nf6 2. Nf3 g6 3. Bf4 Bg7 4. e3 d6 5. h3 0-0 6. Nbd2 Nc6 7. c3 Nd7 8. Bh2 e5 9. Be2 f5 10. dxe5 dxe5 11. 0-0 Qe7 12. Qb3+ Kh8 13. Nc4 Nb6 14. Qa3 Qxa3 15. Nxa3 a6 16. Nc4 f4 17. Nxb6 cxb6 18. exf4 exf4 19. Bd3 Be6 20. Rfe1 Bd5 21. Be4 Rad8 22. Bxd5 Rxd5 23. Re4 g5 24. h4 h6 25. hxg5 hxg5 26. Rae1 Kh7 27. Kf1 Kg6 28. Bg1 Rfd8 29. Nh2 Rd1 30. f3 Rxe1+ 31. Kxe1 b5 32. Ng4 b4 33. cxb4 Bxb2 34. Bc5 Rd5 35. Kf2 a5 36. Kg1 axb4 37. Bxb4 Bd4+ 38. Rxd4 Rxd4 39. Bf8 Rd1+ 40. Kh2 Rd2 41. a3 Kf5 42. Nh6+ Ke6 43. Bc5 Ne5 0-1

[Event "Minsk Bronstein Memorial op"]
[Site "Minsk"]
[Date "2020.02.23"]
[Round "8"]
[White "Vashchilov, Sergey"]
[Black "Ilyuchyk, Yana"]
[Result "0-1"]
[WhiteElo "2127"]
[BlackElo "2119"]
[PlyCount "64"]
[EventDate "2020.02.22"]
[EventType "swiss (rapid)"]
[EventRounds "10"]
[EventCountry "BLR"]
[SourceTitle "CBM 195 Extra"]
[Source "ChessBase"]
[SourceDate "2020.05.31"]
[SourceVersion "1"]
[SourceVersionDate "2020.05.31"]
[SourceQuality "1"]

1. d4 Nf6 2. Nc3 d5 3. Bg5 e6 4. e4 dxe4 5. Nxe4 Be7 6. Bxf6 Bxf6 7. c3 Be7 8. Bd3 Nd7 9. Nf3 0-0 10. Qe2 c6 11. 0-0 b6 12. Rfe1 Bb7 13. Ng3 c5 14. Rad1 cxd4 15. Nxd4 Nc5 16. Bb1 Qc8 17. Ngf5 exf5 18. Bxf5 Qd8 19. Qxe7 Qd5 20. f3 Rad8 21. b4 Na4 22. Be4 Qxa2 23. Qxb7 Nxc3 24. Ra1 Qb2 25. Nf5 Ne2+ 26. Kh1 Nf4 27. Ne3 Rd2 28. Rab1 Qd4 29. Qc7 Ne2 30. Qxa7 Qxe3 31. Qe7 Qf2 32. Rbd1 Ng3+ 0-1